|
|
|
|
| LEADER |
00000nas a2200000 a 4500 |
| 001 |
ssj0000493289 |
| 003 |
WaSeSS |
| 005 |
20200512172242.0 |
| 006 |
m d |
| 007 |
cr n |
| 008 |
090708c20099999nz x p s 0 a0eng c |
| 010 |
|
|
|a 2011247773
|
| 016 |
7 |
|
|a 997563583
|2 DE-101
|
| 016 |
7 |
|
|a 2520698-9
|2 DE-600
|
| 016 |
7 |
|
|a 101560564
|2 DNLM
|
| 022 |
|
|
|a 1178-6981
|l 1178-6981
|
| 035 |
|
|
|a (WaSeSS)ssj0000493289
|
| 040 |
|
|
|a FQM
|b eng
|c FQM
|d OCLCS
|d OCLCQ
|d Z5A
|d PFM
|d SHS
|d DEBBG
|d GWDNB
|d NLM
|d CUS
|d OCLCQ
|d OCLCF
|d OCLCO
|d EUW
|d OCLCO
|d OCLCQ
|d OCLCO
|d OCLCQ
|d WaSeSS
|
| 042 |
|
|
|a pcc
|
| 050 |
1 |
4 |
|a RA410.A!
|
| 060 |
1 |
0 |
|a W1
|
| 082 |
0 |
4 |
|a 338.473621
|2 22
|
| 210 |
1 |
0 |
|a Clinicoecon Outcomes Res
|2 dnlm
|
| 210 |
1 |
|
|a ClinicoEcon. outcomes res.
|
| 222 |
|
0 |
|a ClinicoEconomics and outcomes research
|
| 245 |
0 |
0 |
|a ClinicoEconomics and outcomes research
|h [electronic resource].
|
| 260 |
|
|
|a Auckland, NZ :
|b Dove Medical Press
|
| 310 |
|
|
|a Irregular
|
| 362 |
1 |
|
|a Began with vol. 1 (2009).
|
| 506 |
|
|
|a License restrictions may limit access.
|
| 515 |
|
|
|a Articles added irregularly during the year and collected into annual issues.
|
| 588 |
|
|
|a Description based on: Vol. 1 (2009); title from journal home page (viewed July 7, 2009).
|
| 588 |
|
|
|a Latest issue consulted: 2011:3 (publisher's Web site, viewed Nov. 8, 2011).
|
| 650 |
|
0 |
|a Medical economics
|v Periodicals.
|
| 650 |
|
0 |
|a Medical technology
|v Periodicals.
|
| 650 |
|
0 |
|a Medical policy
|v Periodicals.
|
| 650 |
1 |
2 |
|a Economics, Medical.
|
| 650 |
2 |
2 |
|a Delivery of Health Care
|x economics.
|
| 650 |
2 |
2 |
|a Health Planning
|x economics.
|
| 650 |
2 |
2 |
|a Health Services Research.
|
| 650 |
2 |
2 |
|a Outcome and Process Assessment (Health Care)
|
| 650 |
|
7 |
|a Medical economics.
|2 fast
|0 (OCoLC)fst01014004
|
| 650 |
|
7 |
|a Medical policy.
|2 fast
|0 (OCoLC)fst01014505
|
| 650 |
|
7 |
|a Medical technology.
|2 fast
|0 (OCoLC)fst01014742
|
| 655 |
|
0 |
|a Electronic journals.
|
| 856 |
4 |
0 |
|z Full text available from Research Library: 01/01/2009 to present
|u https://search.proquest.com/publication/3933177
|